[Event "MCR mladeze, Kouty 2015 - D16"]
[Site "Kouty nad Desnou"]
[Date "2015.03.07"]
[Round "1"]
[White "Koci, Tereza"]
[Black "Nova, Michaela"]
[Result "1-0"]
[WhiteElo "1591"]
[BlackElo "1916"]
[PlyCount "0"]
[EventDate "2015.03.07"]

1. d4  Nf6  2. c4  g6
 3. Nc3  Bg7  4. Nf3
 O-O  5. e4  d6 
6. Bg5  Nbd7  7. g3  h6
 8. Be3  e5  9. dxe5
 dxe5  10. Bg2  b6
 11. O-O  Bb7  12. Qc2
 c6  13. h3  Qe7 
14. Rab1  a5  15. a3  Ba6
 16. Nd2  Qe6  17. Na4
 Rfb8  18. Rfc1  c5
 19. b4  axb4  20. axb4
 cxb4  21. Rxb4  Bf8
 22. Rb3  Bc8  23. Rbb1
 Qc6  24. Nc3  Ba3
 25. Rd1  Kg7  26. Nd5
 b5  27. Qd3  bxc4
 28. Qxc4  Qd6  29. Nf3
 Ba6  30. Qc2  Rc8
 31. Nxf6  Nxf6  32. Rxd6
 Rxc2  33. Rdb6  Bd3
 34. Re1  Bxe4  35. Nxe5
 Bxg2  36. Kxg2  Bb2
 37. Nd3  Bc3  38. Rc1
 Rxc1  39. Nxc1  Nd5
 40. Rd6  Nxe3+  41. fxe3
 Ra1  42. Ne2  Ra2
 43. Kf3  Be5  44. Rd3
 h5  45. Nf4  Kh6
 46. Ne2  g5  47. Rd5
 f6  48. g4  h4 
49. Rd8  Ra1  50. Kg2  Re1
 51. Rd2  Ra1  52. Rd3
 Ra2  53. Kf3  Kg6
 54. Rd8  Ra1  55. Kg2
 Ra2  56. Kf3  Ra3
 57. Rd7  f5  58. Rd5
 fxg4+  59. hxg4  Kf6
 60. Rb5  h3  61. Rb6+
 Kf7  62. Rh6  h2
 63. Rh3  Ra1  64. Kg2
 Ra2  65. Kf3  Ke6
 66. Ng3  Bxg3  67. Kxg3
 Ke5  68. Kf3  Kd5
 69. Rh5  Kc4  70. Rh8
 Kd3  71. Rd8+  Kc2
 72. Rh8  Kd1  73. Rh3
 Ke1  74. Kg3  Kf1
 75. Rxh2  Rxh2  76. Kxh2
 Kf2  77. e4  1-0

[Event "MCR mladeze, Kouty 2015 - D14"]
[Site "Kouty nad Desnou"]
[Date "2015.03.07"]
[Round "1"]
[White "Vavrinkova, Eliska"]
[Black "Gresova, Zuzana"]
[Result "0-1"]
[WhiteElo "1480"]
[BlackElo "1780"]
[PlyCount "86"]
[EventDate "2015.03.07"]

1. d4 d5 2. Nf3 Nf6 3. c4 c6 4. Nc3 e6 5. cxd5 exd5 6. Bg5 Bd6 7. Qc2 O-O 8. e3
Re8 9. Bd3 h6 10. Bh4 Nbd7 11. O-O a5 12. a3 Nb6 13. Rab1 a4 14. Nd2 Bxh2+ 15.
Kh1 Bc7 16. Qd1 g5 17. Bg3 Bxg3 18. fxg3 Rxe3 19. Nf3 Nh5 20. Kh2 Bg4 21. Qd2
Qe7 22. Ne5 Rxe5 23. dxe5 Qxe5 24. Qf2 Qc7 25. Rbe1 Rf8 26. Re3 d4 27. Re4 Bf5
28. Rxd4 Bxd3 29. Rxd3 Nd7 30. Nxa4 Ne5 31. Rd4 c5 32. Re4 f5 33. Kh1 Qd6 34.
Rxe5 Qxe5 35. Kh2 f4 36. gxf4 Rxf4 37. Qxc5 Qxc5 38. Nxc5 Rxf1 39. Nxb7 Rb1 40.
b4 Rb3 41. Nc5 Rxa3 42. b5 Rc3 43. Nd7 Rc7 0-1

[Event "MCR mladeze, Kouty 2015 - D14"]
[Site "Kouty nad Desnou"]
[Date "2015.03.08"]
[Round "2"]
[White "Encinas, Michelle Diane"]
[Black "Vavrinkova, Eliska"]
[Result "1-0"]
[WhiteElo "1203"]
[BlackElo "1480"]
[PlyCount "45"]
[EventDate "2015.03.07"]

1. e4 d5 2. exd5 Qxd5 3. Nc3 Qd6 4. d4 Nf6 5. Bc4 c6 6. Nge2 Bf5 7. Bf4 Qd8 8.
Qd2 e6 9. O-O-O Bd6 10. Be5 Ng4 11. Ng3 Bxe5 12. Nxf5 Bf6 13. Ne3 Bg5 14. h3
Nxe3 15. fxe3 Nd7 16. g4 Nb6 17. Bb3 Qe7 18. Qf2 Bh4 19. Qf3 O-O-O 20. e4 Bf6
21. Ne2 g6 22. Rhf1 Rhf8 23. Qxf6 1-0

[Event "MCR mladeze, Kouty 2015 - D14"]
[Site "Kouty nad Desnou"]
[Date "2015.03.09"]
[Round "3"]
[White "Vavrinkova, Eliska"]
[Black "Vanharova, Lucie"]
[Result "1-0"]
[WhiteElo "1480"]
[BlackElo "1067"]
[PlyCount "81"]
[EventDate "2015.03.07"]

1. d4 d5 2. Nf3 Nc6 3. Bf4 f6 4. e3 e6 5. c4 Bb4+ 6. Nc3 Nge7 7. Be2 O-O 8. O-O
Bxc3 9. bxc3 b6 10. Qc2 Ba6 11. cxd5 Bxe2 12. Qxe2 Nxd5 13. Bg3 Nxc3 14. Qc4
Nb4 15. Qxc3 Nd5 16. Qb2 c5 17. Rac1 Rb8 18. Qa1 cxd4 19. Bxb8 Qxb8 20. Nxd4 e5
21. Nc6 Qe8 22. Rfd1 Qe6 23. Nxa7 Nb4 24. a3 Na2 25. Rc2 Ra8 26. Qxa2 Qxa2 27.
Rxa2 Rxa7 28. g3 b5 29. Rb1 e4 30. Rxb5 g6 31. Rb3 h5 32. Rab2 Kh7 33. Rb7+
Rxb7 34. Rxb7+ Kh6 35. a4 f5 36. a5 Kg5 37. a6 h4 38. gxh4+ Kxh4 39. a7 g5 40.
Rh7+ Kg4 41. a8=Q 1-0

[Event "MCR mladeze, Kouty 2015 - D14"]
[Site "Kouty nad Desnou"]
[Date "2015.03.10"]
[Round "4"]
[White "Remesova, Karolina"]
[Black "Vavrinkova, Eliska"]
[Result "0-1"]
[WhiteElo "1112"]
[BlackElo "1480"]
[PlyCount "100"]
[EventDate "2015.03.07"]

1. c4 c6 2. Nc3 Nf6 3. g3 d5 4. cxd5 cxd5 5. d4 a6 6. Bg2 e6 7. a3 Be7 8. e3
O-O 9. Nge2 Nbd7 10. O-O b5 11. Bd2 Bb7 12. Rc1 Rc8 13. Qb3 Nb6 14. a4 b4 15.
Na2 a5 16. Qd1 Ba6 17. Re1 Rc7 18. b3 Qb8 19. Rxc7 Qxc7 20. Nf4 Rc8 21. Bf1
Bxf1 22. Rxf1 Qc2 23. Nc1 Ne4 24. Qxc2 Rxc2 25. Bxb4 Bxb4 26. Ncd3 Rc3 27. Nxb4
axb4 28. a5 Na8 29. Rb1 Rc2 30. Nd3 Nc3 31. Rb2 Rxb2 32. Nxb2 Ne2+ 33. Kf1 Nc1
34. Na4 Nxb3 35. Ke2 Nxa5 36. Kd2 Nc7 37. Kc2 b3+ 38. Kb2 Nb5 39. Nc3 Nxc3 40.
Kxc3 Kf8 41. f3 Ke7 42. e4 Kd6 43. e5+ Kc6 44. h4 Kb5 45. Kb2 Ka4 46. g4 Nc4+
47. Ka1 Ka3 48. Kb1 b2 49. f4 Nd2+ 50. Kc2 b1=Q+ 0-1

[Event "MCR mladeze, Kouty 2015 - D14"]
[Site "Kouty nad Desnou"]
[Date "2015.03.10"]
[Round "5"]
[White "Vavrinkova, Eliska"]
[Black "Vilimova, Julie"]
[Result "1/2-1/2"]
[WhiteElo "1480"]
[BlackElo "1562"]
[PlyCount "92"]
[EventDate "2015.03.07"]

1. d4 d5 2. Nf3 Nf6 3. c4 e6 4. cxd5 exd5 5. Nc3 Be7 6. Bg5 O-O 7. Qc2 c6 8. e3
Nbd7 9. Bd3 Re8 10. O-O Nf8 11. Rab1 Bd6 12. h3 Ng6 13. b4 Be6 14. Bf5 Bxf5 15.
Qxf5 Re6 16. Qd3 h6 17. Bxf6 Rxf6 18. Qe2 Re6 19. Qd3 Rf6 20. Qe2 Re6 21. Qd3
Nh4 22. Nxh4 Qxh4 23. Qf5 Rg6 24. Kh1 Re8 25. g3 Qe7 26. Qf3 Rf6 27. Qg2 Bxb4
28. Ne2 Bd6 29. Rb3 b6 30. a4 Qe4 31. Qxe4 Rxe4 32. Kg2 Re7 33. Rc1 Bc7 34.
Rbc3 Ree6 35. R3c2 Kf8 36. Nc3 Bd8 37. Na2 Ke7 38. Nb4 Kd7 39. Nd3 Bc7 40. Rb1
h5 41. h4 Rg6 42. Re1 Re4 43. Kh3 Ree6 44. Kg2 Re4 45. Kh3 Ree6 46. Kg2 Re4
1/2-1/2

[Event "MCR mladeze, Kouty 2015 - D14"]
[Site "Kouty nad Desnou"]
[Date "2015.03.11"]
[Round "6"]
[White "Korenova, Magdalena"]
[Black "Vavrinkova, Eliska"]
[Result "1-0"]
[WhiteElo "1373"]
[BlackElo "1480"]
[PlyCount "111"]
[EventDate "2015.03.07"]

1. e4 c5 2. d4 cxd4 3. c3 d3 4. Bxd3 e6 5. Bf4 d6 6. Nf3 Qc7 7. O-O Be7 8. Nbd2
Nd7 9. Nb3 b6 10. Re1 Bb7 11. e5 d5 12. Qc2 g6 13. Rac1 Bf8 14. Nbd4 a6 15. Ng5
Nc5 16. Be2 h6 17. Ngxe6 Nxe6 18. Nxe6 fxe6 19. Qxg6+ Qf7 20. Qxf7+ Kxf7 21.
Bh5+ Ke7 22. c4 Kd8 23. cxd5 Bxd5 24. Red1 Ne7 25. Be3 Rb8 26. Bf7 Kd7 27. f4
Bg7 28. g3 Rhc8 29. Rxc8 Kxc8 30. a3 Kb7 31. Rc1 b5 32. g4 Rc8 33. Rxc8 Kxc8
34. Bc5 Kd7 35. Kf2 Be4 36. Ke3 Bh7 37. Kd4 Bg6 38. Bxe7 Bxf7 39. Bf6 Bxf6 40.
exf6 Kd6 41. h4 Bg6 42. h5 Bf7 43. b4 Be8 44. Ke4 Bc6+ 45. Ke3 e5 46. fxe5+ Ke6
47. Kf4 Kf7 48. g5 hxg5+ 49. Kxg5 Bd5 50. h6 Kg8 51. Kf5 Kh7 52. e6 Kxh6 53.
Ke5 Bc4 54. Kd6 Kg6 55. f7 Kg7 56. Ke7 1-0

[Event "MCR mladeze, Kouty 2015 - D14"]
[Site "Kouty nad Desnou"]
[Date "2015.03.12"]
[Round "7"]
[White "Vavrinkova, Eliska"]
[Black "Postranecka, Zuzana"]
[Result "1-0"]
[WhiteElo "1480"]
[BlackElo "1110"]
[PlyCount "107"]
[EventDate "2015.03.07"]

1. d4 d5 2. Nf3 Nf6 3. c4 e6 4. cxd5 exd5 5. Nc3 Bb4 6. Bg5 h6 7. Bh4 g5 8. Bg3
Ne4 9. Rc1 Nxg3 10. hxg3 Bg4 11. Ne5 Bf5 12. Qa4+ Nc6 13. Nxc6 Bxc3+ 14. Rxc3
bxc6 15. Qxc6+ Bd7 16. Qxd5 Be6 17. Qxd8+ Rxd8 18. e3 Bxa2 19. Rxc7 Rd7 20. Bb5
Be6 21. Rc8+ Ke7 22. Bxd7 Rxc8 23. Bxc8 Bxc8 24. Kd2 Bb7 25. Rc1 Kd6 26. f3 f5
27. Rc5 g4 28. Rxf5 gxf3 29. gxf3 Ke6 30. Rh5 Bxf3 31. Rxh6+ Kf5 32. Rh7 Kg4
33. Rxa7 Kxg3 34. b4 Bc6 35. Ra2 Kg4 36. Rb2 Kf5 37. b5 Bb7 38. b6 Ke6 39. e4
Kd7 40. d5 Kc8 41. Rc2+ Kb8 42. Rc3 Bc8 43. Rc7 Bb7 44. d6 Bc8 45. d7 Bxd7 46.
Rxd7 Kc8 47. Rd3 Kb7 48. e5 Kxb6 49. e6 Kc6 50. e7 Kc7 51. e8=Q Kb7 52. Rc3 Ka7
53. Rb3 Ka6 54. Qa4# 1-0

[Event "MCR mladeze, Kouty 2015 - D14"]
[Site "Kouty nad Desnou"]
[Date "2015.03.13"]
[Round "8"]
[White "Tumova, Anna"]
[Black "Vavrinkova, Eliska"]
[Result "0-1"]
[WhiteElo "1559"]
[BlackElo "1480"]
[PlyCount "118"]
[EventDate "2015.03.07"]

1. e4 c5 2. Nf3 e6 3. d4 cxd4 4. Nxd4 a6 5. c4 Nf6 6. Nc3 Qc7 7. Be3 Bb4 8. f3
Bxc3+ 9. bxc3 d6 10. Be2 O-O 11. O-O Nbd7 12. Rb1 Ne5 13. Qb3 Ned7 14. Rfd1 Nc5
15. Qa3 Nfd7 16. Nb5 Qb8 17. Nxd6 b6 18. Bxc5 Nxc5 19. Nxc8 Rxc8 20. Qb4 Ra7
21. a4 a5 22. Qa3 Rb7 23. Rd2 Rd8 24. Rbd1 Rxd2 25. Rxd2 Qc8 26. Qa2 Rd7 27.
Rd4 Qd8 28. Qd2 Rxd4 29. Qxd4 Qxd4+ 30. cxd4 Nxa4 31. Kf2 Nc3 32. Bd3 a4 33. c5
bxc5 34. dxc5 Kf8 35. Ke3 a3 36. c6 Ke7 37. Bc4 a2 38. Bxa2 Nxa2 39. Kd4 Kd6
40. c7 Kxc7 41. Kc4 Kd6 42. g3 Nc1 43. Kc3 Kc5 44. Kc2 Ne2 45. Kd3 Nd4 46. f4
Nf3 47. h4 Nd4 48. h5 Nc6 49. Kc3 g6 50. hxg6 fxg6 51. e5 Kd5 52. Kd3 Ne7 53.
Ke3 Nf5+ 54. Kf3 h5 55. g4 hxg4+ 56. Kxg4 Ke4 57. Kg5 Ne7 58. Kf6 Kxf4 59. Kxe6
Nf5 0-1

[Event "MCR mladeze, Kouty 2015 - D14"]
[Site "Kouty nad Desnou"]
[Date "2015.03.14"]
[Round "9"]
[White "Kopcova, Ludmila"]
[Black "Vavrinkova, Eliska"]
[Result "1-0"]
[WhiteElo "1606"]
[BlackElo "1480"]
[PlyCount "57"]
[EventDate "2015.03.07"]

1. c4 c6 2. Nf3 Nf6 3. Nc3 d5 4. e3 a6 5. h3 Bf5 6. Qb3 Bc8 7. Qc2 Nbd7 8. b3
e6 9. Bb2 Be7 10. Be2 O-O 11. g4 Ne8 12. h4 g6 13. g5 Nc7 14. O-O-O Re8 15. h5
e5 16. hxg6 fxg6 17. Rdg1 Bf8 18. Rg2 e4 19. Nh2 Ne5 20. Ng4 Nxg4 21. Bxg4 Bxg4
22. Rxg4 Qd7 23. Rgh4 b5 24. Ne2 b4 25. Nf4 Bg7 26. Kb1 Bxb2 27. Qxb2 Qf7 28.
Rh6 Qg7 29. Qxg7+ 1-0

[Event "MCR mladeze, Kouty 2015 - D16"]
[Site "Kouty nad Desnou"]
[Date "2015.03.08"]
[Round "2"]
[White "Beluska, Tereza"]
[Black "Koci, Tereza"]
[Result "1-0"]
[WhiteElo "1718"]
[BlackElo "1591"]
[PlyCount "49"]
[EventDate "2015.03.07"]

1. e4 c5 2. Nf3 e6 3. d4 cxd4 4. Nxd4 Nf6 5. Nc3 d6 6. Be2 a6 7. O-O Qc7 8. Be3
Be7 9. f4 Nbd7 10. Bf3 O-O 11. a4 Rb8 12. Kh1 g6 13. Qe1 e5 14. Nde2 Nc5 15. b4
Ne6 16. f5 gxf5 17. Bh6 f4 18. Bxf8 Bxf8 19. g3 Bh6 20. gxf4 Bxf4 21. Rg1+ Kh8
22. Qh4 Bg5 23. Rxg5 Nxg5 24. Qxg5 Qd8 25. Rg1 1-0

[Event "MCR mladeze, Kouty 2015 - D16"]
[Site "Kouty nad Desnou"]
[Date "2015.03.09"]
[Round "3"]
[White "Koci, Tereza"]
[Black "Brunova, Blanka"]
[Result "1/2-1/2"]
[WhiteElo "1591"]
[BlackElo "1682"]
[PlyCount "33"]
[EventDate "2015.03.07"]

1. d4 Nf6 2. c4 g6 3. Nc3 Bg7 4. Nf3 O-O 5. e4 d6 6. g3 Nbd7 7. Bg2 e5 8. O-O
exd4 9. Nxd4 Nb6 10. b3 c5 11. Nde2 Re8 12. Rb1 Bg4 13. f3 Be6 14. Nb5 Nc8 15.
Bf4 Bf8 16. Bg5 Be7 17. Nf4 1/2-1/2

[Event "MCR mladeze, Kouty 2015 - D16"]
[Site "Kouty nad Desnou"]
[Date "2015.03.10"]
[Round "4"]
[White "Kubosova, Jana"]
[Black "Koci, Tereza"]
[Result "0-1"]
[WhiteElo "1710"]
[BlackElo "1591"]
[PlyCount "114"]
[EventDate "2015.03.07"]

1. d4 f5 2. Bg5 Nf6 3. Bxf6 exf6 4. e3 d5 5. c3 g6 6. Bd3 Bg7 7. Nd2 O-O 8. Qc2
Qe7 9. O-O-O Be6 10. h4 Rc8 11. h5 b6 12. hxg6 hxg6 13. Nh3 c5 14. Nf4 Qe8 15.
Nf3 c4 16. Be2 g5 17. Nxe6 Qxe6 18. Rh5 Qe4 19. Qxe4 fxe4 20. Nh2 Kf7 21. Bg4
Rf8 22. Nf1 Nc6 23. Ng3 Ne7 24. Nf5 Nxf5 25. Bxf5 Rh8 26. Rdh1 Rxh5 27. Rxh5
Rh8 28. g4 Ke7 29. Kd2 Kd6 30. Ke2 Ke7 31. Rxh8 Bxh8 32. f3 exf3+ 33. Kxf3 Bg7
34. e4 dxe4+ 35. Kxe4 Kd6 36. d5 Bf8 37. Kd4 b5 38. b3 cxb3 39. axb3 Kc7 40. c4
bxc4 41. bxc4 Kb6 42. Bc2 Bd6 43. Ke4 Kc5 44. Bb3 Be5 45. Kf5 Kd6 46. Ba4 a6
47. Bb3 a5 48. Ba4 Kc5 49. Ke6 Bf4 50. Bb5 Be5 51. Ba4 Kb4 52. d6 Kxa4 53. d7
Bc7 54. Kxf6 Bd8+ 55. Ke5 Kb4 56. Kd5 a4 57. Kc6 a3 0-1

[Event "MCR mladeze, Kouty 2015 - D16"]
[Site "Kouty nad Desnou"]
[Date "2015.03.10"]
[Round "5"]
[White "Nemcova, Kamila"]
[Black "Koci, Tereza"]
[Result "1-0"]
[WhiteElo "1763"]
[BlackElo "1591"]
[PlyCount "65"]
[EventDate "2015.03.07"]

1. e4 c5 2. Nf3 e6 3. d4 cxd4 4. Nxd4 a6 5. Bd3 Nf6 6. c4 Qc7 7. Qe2 d6 8. O-O
Be7 9. Nc3 b6 10. f4 Nbd7 11. Kh1 Bb7 12. Bd2 O-O 13. Rae1 Nc5 14. Bb1 Rfd8 15.
Nf3 Rac8 16. b3 Bf8 17. e5 dxe5 18. fxe5 Ne8 19. Ng5 f5 20. exf6 Nxf6 21. Nxe6
Nxe6 22. Qxe6+ Kh8 23. Bg5 Re8 24. Qf5 Qc6 25. Nd5 Rxe1 26. Rxe1 Re8 27. Rg1
Bc8 28. Qd3 Ne4 29. Be3 Bc5 30. Bxc5 Qxc5 31. Rf1 g6 32. Qf3 Nd2 33. Qc3+ 1-0

[Event "MCR mladeze, Kouty 2015 - D16"]
[Site "Kouty nad Desnou"]
[Date "2015.03.11"]
[Round "6"]
[White "Koci, Tereza"]
[Black "Volaninova, Sarka"]
[Result "1/2-1/2"]
[WhiteElo "1591"]
[BlackElo "1568"]
[PlyCount "59"]
[EventDate "2015.03.07"]

1. d4 Nf6 2. Nf3 g6 3. c4 Bg7 4. Nc3 O-O 5. g3 d6 6. Bg2 Nbd7 7. O-O e5 8. e4
exd4 9. Nxd4 a5 10. h3 Re8 11. Be3 Nc5 12. Qc2 c6 13. Rad1 a4 14. Rfe1 Qa5 15.
Nde2 Be6 16. b3 axb3 17. axb3 Qb4 18. Bxc5 Qxc5 19. Na4 Qb4 20. Qc3 Qxc3 21.
Naxc3 Ra3 22. Rb1 Rd8 23. Red1 Raa8 24. Nf4 Nd7 25. Nce2 Nc5 26. Nxe6 Nxe6 27.
b4 Ra2 28. Kf1 Rb2 29. f4 Rc2 30. Rdc1 1/2-1/2

[Event "MCR mladeze, Kouty 2015 - D16"]
[Site "Kouty nad Desnou"]
[Date "2015.03.12"]
[Round "7"]
[White "Hartingerova, Martina"]
[Black "Koci, Tereza"]
[Result "1-0"]
[WhiteElo "1609"]
[BlackElo "1591"]
[PlyCount "95"]
[EventDate "2015.03.07"]

1. e4 c5 2. d3 e6 3. g3 Qc7 4. Bg2 Nf6 5. f4 d6 6. Nf3 Nbd7 7. O-O Be7 8. Nbd2
O-O 9. Qe2 Rb8 10. b3 b6 11. Bb2 Bb7 12. Rad1 Rbc8 13. d4 cxd4 14. Nxd4 a6 15.
c4 Rfe8 16. f5 e5 17. Nc2 Bf8 18. Ne3 Qc5 19. Kh1 g6 20. Nd5 Nxd5 21. exd5 Qc7
22. Ne4 Qd8 23. Ba3 f6 24. Bh3 g5 25. Bxd6 Nc5 26. Nxc5 bxc5 27. Bxf8 Rxf8 28.
Bg2 Qd6 29. h4 Kh8 30. hxg5 fxg5 31. Qd2 Qh6+ 32. Kg1 Rf6 33. Qe3 Re8 34. Qxc5
g4 35. Be4 Bc8 36. Qf2 Ref8 37. Qd2 Qh5 38. c5 Bxf5 39. Rxf5 Rxf5 40. Bxf5 Rxf5
41. d6 Rf3 42. Qg2 e4 43. b4 Qe5 44. d7 Rxg3 45. d8=Q+ Kg7 46. Rd7+ Kg6 47.
Qg8+ Kf6 48. Qh8+ 1-0

[Event "MCR mladeze, Kouty 2015 - D16"]
[Site "Kouty nad Desnou"]
[Date "2015.03.14"]
[Round "9"]
[White "Koci, Tereza"]
[Black "Tajovska, Martina"]
[Result "0-1"]
[WhiteElo "1591"]
[BlackElo "1630"]
[PlyCount "72"]
[EventDate "2015.03.07"]

1. d4 d5 2. Nf3 Nf6 3. c4 e6 4. cxd5 exd5 5. Nc3 c6 6. Bg5 Be7 7. Qc2 Bg4 8. e3
Nbd7 9. Be2 O-O 10. h3 Bh5 11. O-O Re8 12. Rab1 Ne4 13. Nxe4 dxe4 14. Bxe7 Qxe7
15. Nh2 Bxe2 16. Qxe2 Qg5 17. b4 Re6 18. f4 exf3 19. Rxf3 Rae8 20. Nf1 Nb6 21.
Re1 Nd5 22. Qd2 f5 23. a3 Qg6 24. Rc1 Qg5 25. Re1 g6 26. Rg3 Qe7 27. Qd3 f4 28.
Rf3 fxe3 29. Re2 Kh8 30. g3 Re4 31. Kh1 Qe6 32. Kh2 g5 33. Kg2 h5 34. Qc2 g4
35. hxg4 hxg4 36. Rfxe3 Nxe3+ 0-1

[Event "MCR mladeze, Kouty 2015 - D12"]
[Site "Kouty nad Desnou"]
[Date "2015.03.07"]
[Round "1"]
[White "Pavlickova, Tereza"]
[Black "Vavrinkova, Anna"]
[Result "0-1"]
[WhiteElo "1100"]
[BlackElo "1450"]
[PlyCount "46"]
[EventDate "2015.03.07"]

1. e4 d5 2. Nc3 d4 3. Nb5 c6 4. Na3 e5 5. Nf3 Qc7 6. Bc4 b5 7. Bb3 Nf6 8. d3
Bg4 9. h3 Bh5 10. O-O Nbd7 11. Bg5 h6 12. Bxf6 Nxf6 13. Qe1 a5 14. c4 dxc3 15.
bxc3 Bxa3 16. d4 Bxf3 17. gxf3 O-O 18. Kh1 Rad8 19. Rd1 Rfe8 20. dxe5 Qxe5 21.
c4 Bb4 22. Qe2 Bd6 23. cxb5 Qh2# 0-1

[Event "MCR mladeze, Kouty 2015 - D12"]
[Site "Kouty nad Desnou"]
[Date "2015.03.08"]
[Round "2"]
[White "Vavrinkova, Anna"]
[Black "Pospisilova, Karla"]
[Result "1-0"]
[WhiteElo "1399"]
[BlackElo "1005"]
[PlyCount "125"]
[EventDate "2015.03.07"]

1. e4 e5 2. Nf3 Nc6 3. Bb5 d6 4. d4 Bd7 5. O-O exd4 6. Nxd4 Nxd4 7. Bxd7+ Qxd7
8. Qxd4 Nf6 9. Re1 c5 10. Qc4 b5 11. Qd3 Be7 12. Nc3 b4 13. Nd5 O-O 14. Nxf6+
Bxf6 15. e5 Be7 16. Bf4 Rad8 17. Rad1 d5 18. Re3 f6 19. e6 c4 20. exd7 cxd3 21.
Rxe7 dxc2 22. Rxd5 Rf7 23. Re8+ Rf8 24. Rxf8+ Kxf8 25. Kf1 Ke7 26. Ke1 a5 27.
Kd2 Rxd7 28. Rxd7+ Kxd7 29. Kxc2 Kc6 30. Kb3 Kb5 31. Bd2 a4+ 32. Kc2 Ka5 33. a3
g5 34. Bxb4+ Kb5 35. Be7 g4 36. Bxf6 h5 37. b3 Ka5 38. Kc3 Kb5 39. Be7 Ka5 40.
Kc4 h4 41. Bxh4 axb3 42. Kxb3 Kb5 43. a4+ Ka5 44. f4 Kb6 45. f5 Kc7 46. f6 Kd7
47. f7 Ke6 48. f8=Q Ke5 49. Kc3 g3 50. Bxg3+ Kd5 51. Qf4 Kc5 52. Qe5+ Kc6 53.
Kb4 Kd7 54. Qd6+ Ke8 55. Kc5 Kf7 56. Kd5 Ke8 57. Ke5 Kf7 58. Qe6+ Kg7 59. Qf6+
Kh7 60. Kf5 Kg8 61. Kg5 Kh7 62. Qg6+ Kh8 63. Be5# 1-0

[Event "MCR mladeze, Kouty 2015 - D12"]
[Site "Kouty nad Desnou"]
[Date "2015.03.09"]
[Round "3"]
[White "Laurincova, Kristyna"]
[Black "Vavrinkova, Anna"]
[Result "1-0"]
[WhiteElo "1609"]
[BlackElo "1399"]
[PlyCount "63"]
[EventDate "2015.03.07"]

1. e4 c5 2. Nf3 e6 3. d4 cxd4 4. Nxd4 a6 5. Nc3 Qc7 6. a3 Nf6 7. g3 d6 8. Qf3
Nbd7 9. Bg2 Be7 10. O-O O-O 11. Bf4 Re8 12. Nb3 Rb8 13. Rad1 b6 14. Qd3 e5 15.
Bc1 Bb7 16. f4 Rbd8 17. Be3 Ng4 18. Bc1 Nc5 19. Qf3 Nxb3 20. cxb3 Nf6 21. Be3
Nd7 22. Bh3 h6 23. Bxd7 Rxd7 24. fxe5 Rf8 25. Qg4 Kh8 26. Qh3 Bc8 27. Qh5 Bd8
28. Nd5 Qb7 29. Bxh6 gxh6 30. Qxh6+ Kg8 31. Nf6+ Bxf6 32. exf6 1-0

[Event "MCR mladeze, Kouty 2015 - D12"]
[Site "Kouty nad Desnou"]
[Date "2015.03.10"]
[Round "4"]
[White "Vavrinkova, Anna"]
[Black "Dvorakova, Olga"]
[Result "1-0"]
[WhiteElo "1399"]
[BlackElo "1420"]
[PlyCount "105"]
[EventDate "2015.03.07"]

1. e4 c5 2. Nf3 d6 3. Bb5+ Nc6 4. d4 cxd4 5. Nxd4 Bd7 6. Nc3 e6 7. Be3 Nf6 8.
O-O Be7 9. Kh1 O-O 10. f4 Nxd4 11. Qxd4 a6 12. Bxd7 Nxd7 13. Rf3 Nb8 14. Rg3
Bf6 15. Qd3 Nc6 16. Rh3 e5 17. Rf1 Nb4 18. Qd2 Bh4 19. a3 Nc6 20. Qe2 Be7 21.
Qh5 h6 22. fxe5 Bg5 23. Bxg5 Qxg5 24. Qxg5 hxg5 25. exd6 Rad8 26. Rd3 Rd7 27.
Rfd1 Rfd8 28. Rd5 f6 29. Na4 Ne5 30. b3 Ng4 31. R1d2 b5 32. Nc5 Ra7 33. Kg1 Kf7
34. h3 Ne5 35. Kf2 Nd7 36. Nxd7 Raxd7 37. Ke3 Ke6 38. g4 Rxd6 39. Rxd6+ Rxd6
40. Rxd6+ Kxd6 41. Kd4 a5 42. c3 g6 43. b4 axb4 44. axb4 Kc6 45. c4 bxc4 46.
Kxc4 Kd6 47. Kd4 Kc6 48. e5 f5 49. Kc4 f4 50. b5+ Kd7 51. b6 f3 52. Kd3 Kc6 53.
e6 1-0

[Event "MCR mladeze, Kouty 2015 - D12"]
[Site "Kouty nad Desnou"]
[Date "2015.03.10"]
[Round "5"]
[White "Koubova, Anna Marie"]
[Black "Vavrinkova, Anna"]
[Result "1-0"]
[WhiteElo "1723"]
[BlackElo "1399"]
[PlyCount "97"]
[EventDate "2015.03.07"]

1. d4 d5 2. Nf3 Nf6 3. g3 c6 4. Bg2 Bg4 5. Ne5 Bf5 6. c4 a6 7. O-O e6 8. Qb3
Ra7 9. Rd1 Nbd7 10. Nc3 Bd6 11. Bf4 Qc7 12. cxd5 exd5 13. Nxd7 Qxd7 14. Qb6 Ra8
15. Bxd6 Qxd6 16. Qxb7 O-O 17. Qb3 Rfb8 18. Qa3 Qxa3 19. bxa3 Rb2 20. e3 g6 21.
Na4 Rb5 22. Rdc1 Bd7 23. Bf1 Rbb8 24. Rab1 a5 25. Nc5 Bf5 26. Rb3 Rxb3 27. axb3
Rc8 28. Nb7 Bd7 29. Nxa5 Ne4 30. b4 Nd6 31. Kg2 Kg7 32. Be2 Kf6 33. h3 h5 34.
g4 Kg5 35. f4+ Kh4 36. gxh5 gxh5 37. Kh2 Ne4 38. Bf3 Nf2 39. Bg2 Ne4 40. Bf1
Ng3 41. Ba6 Rc7 42. b5 Bxh3 43. Rxc6 Rxc6 44. Nxc6 Bf1 45. Kg1 Kg4 46. Bc8+ Kf3
47. b6 h4 48. Nb4 f5 49. b7 1-0

[Event "MCR mladeze, Kouty 2015 - D12"]
[Site "Kouty nad Desnou"]
[Date "2015.03.11"]
[Round "6"]
[White "Vavrinkova, Anna"]
[Black "Otrubova, Kristyna"]
[Result "1/2-1/2"]
[WhiteElo "1399"]
[BlackElo "1362"]
[PlyCount "47"]
[EventDate "2015.03.07"]

1. e4 e6 2. d4 d5 3. Nd2 dxe4 4. Nxe4 Nf6 5. Ng3 b6 6. Nf3 Bb7 7. Be2 c5 8. c3
Nbd7 9. O-O cxd4 10. Nxd4 Bc5 11. Qd3 O-O 12. Be3 Ne5 13. Qd1 Qd5 14. f3 Neg4
15. Bc1 Ne5 16. Kh1 Bxd4 17. Qxd4 Qxd4 18. cxd4 Nc6 19. Be3 Rfd8 20. Rfd1 Rd6
21. Rd2 Rad8 22. Rad1 Nd5 23. Bf2 Nf4 24. Bb5 1/2-1/2

[Event "MCR mladeze, Kouty 2015 - D12"]
[Site "Kouty nad Desnou"]
[Date "2015.03.12"]
[Round "7"]
[White "Jordova, Zdenka"]
[Black "Vavrinkova, Anna"]
[Result "0-1"]
[WhiteElo "1056"]
[BlackElo "1399"]
[PlyCount "72"]
[EventDate "2015.03.07"]

1. e4 c5 2. Nf3 e6 3. d4 cxd4 4. Nxd4 a6 5. Nc3 Qc7 6. Be2 Nf6 7. O-O d6 8. Nf3
Nbd7 9. Bg5 Be7 10. Re1 O-O 11. Bxf6 Bxf6 12. Nd4 b6 13. Bg4 Ne5 14. Bf3 Rd8
15. Re3 Nc4 16. Re1 Nxb2 17. Qd2 Nc4 18. Qd3 Ne5 19. Qd1 Qxc3 20. Re3 Qxd4 21.
Qxd4 Nxf3+ 22. Rxf3 Bxd4 23. Rd1 e5 24. c3 Bg4 25. cxd4 Bxf3 26. gxf3 exd4 27.
Rxd4 h6 28. Kg2 Rac8 29. Kg3 Rc2 30. a4 b5 31. axb5 axb5 32. Rb4 Rc5 33. Kf4
g5+ 34. Kg4 Kg7 35. Kh5 d5 36. exd5 Rc4 0-1

[Event "MCR mladeze, Kouty 2015 - D12"]
[Site "Kouty nad Desnou"]
[Date "2015.03.13"]
[Round "8"]
[White "Vavrinkova, Anna"]
[Black "Markova, Kristyna"]
[Result "1/2-1/2"]
[WhiteElo "1399"]
[BlackElo "1449"]
[PlyCount "85"]
[EventDate "2015.03.07"]

1. e4 e5 2. Nf3 Nf6 3. Nxe5 d6 4. Nf3 Nxe4 5. d3 Nf6 6. Bg5 Be7 7. Nc3 O-O 8.
Be2 Nc6 9. O-O h6 10. Bh4 d5 11. Qd2 d4 12. Bxf6 Bxf6 13. Ne4 Bf5 14. Rad1 Re8
15. Ng3 Bg6 16. Rfe1 Re7 17. h4 Qd5 18. b3 Rae8 19. Bf1 Bh5 20. Nxh5 Qxh5 21.
Rxe7 Rxe7 22. Qf4 Ne5 23. Be2 Ng6 24. Qd2 Nxh4 25. Nxd4 Qe5 26. c3 c5 27. f4
Qe3+ 28. Qxe3 Rxe3 29. Kf2 cxd4 30. g3 Ng6 31. c4 Kf8 32. Re1 Ke7 33. b4 h5 34.
Bxh5 Rxe1 35. Kxe1 Ke6 36. Ke2 Ne7 37. Kf3 g6 38. Bg4+ Kd6 39. Ke4 b6 40. Bd1
Bg7 41. Bb3 f5+ 42. Kf3 Bf6 43. a3 1/2-1/2

[Event "MCR mladeze, Kouty 2015 - D12"]
[Site "Kouty nad Desnou"]
[Date "2015.03.14"]
[Round "9"]
[White "Vavrinkova, Anna"]
[Black "Pisova, Petra"]
[Result "1/2-1/2"]
[WhiteElo "1399"]
[BlackElo "1254"]
[PlyCount "50"]
[EventDate "2015.03.07"]

1. e4 e5 2. Nf3 Nf6 3. Nxe5 d6 4. Nf3 Nxe4 5. Qe2 Qe7 6. d3 Nf6 7. Bg5 Qxe2+ 8.
Bxe2 Be7 9. Nc3 Bd7 10. O-O-O Nc6 11. Rhe1 O-O-O 12. Nd2 Rhe8 13. Nde4 Nxe4 14.
Nxe4 h6 15. Bxe7 Rxe7 16. f3 f5 17. Nc3 Rde8 18. d4 g5 19. g3 Nb4 20. a3 Na2+
21. Nxa2 Rxe2 22. Rxe2 Rxe2 23. Rd2 Re1+ 24. Rd1 Re2 25. Rd2 Re1+ 1/2-1/2